000
00294nam a22001337a 4500
008
190226b xxu||||| |||| 00| 0 eng d
020
_a
9780415929226
041
_a
eng
080
_a
316
100
_a
50
101
_a
SOC
245
_a
Globalization: The Reader
_c
Beynon, J
942
_2
udc
_c
BK
999
_c
54307
_d
54307